000 00609nam a2200205Ia 4500
005 20230127101529.0
008 131103s9999 xx 000 0 und d
040 _aLoreto College
041 _aEnglish
082 _a833
_bMAN
245 _aThomas Mann
_b a collection of critical essays
_cedited by Henry Hatfield
260 _aEnglewood Cliffs
_bPrentice - Hall
_c1964
300 _a[8],180 p.
440 _aTwentieth Century Views
504 _aIncludes bibliographical references
650 _aMann,Thomas - History and Criticism
700 _aHatfield,Henry,ed.
850 _aLCLIB
942 _cBK
999 _c5406
_d55885